Carregant...
Common mistakes in English : with exercises
| Autor principal: | |
|---|---|
| Format: | Printed Book |
| Idioma: | English |
| Publicat: |
Hydrabad
Orient longman
2007
|
| LEADER | 00520nam a22001577a 4500 | ||
|---|---|---|---|
| 008 | 160620b xxu||||| |||| 00| 0 eng d | ||
| 020 | |a 81 250 1584 1 | ||
| 082 | |a 420 FIT'07 | ||
| 100 | |a Fitikides,T.J |9 727 | ||
| 245 | |a Common mistakes in English : with exercises | ||
| 260 | |a Hydrabad |b Orient longman |c 2007 | ||
| 300 | |a 200p. | ||
| 500 | |a include index | ||
| 942 | |2 ddc |c REF | ||
| 999 | |c 868 |d 868 | ||
| 952 | |0 0 |1 0 |2 ddc |4 0 |6 420_000000000000000_FIT07 |7 1 |8 NFIC |9 1186 |a NUALS |b NUALS |c REF |d 2009-10-01 |l 0 |o 420 FIT'07 |p 5692 |r 2016-06-20 |y REF | ||